Alfani, Guido. As gods among men: A history of the rich in the West (Record no. 525967)

000 -LEADER
fixed length control field 00679nam a22001457a 4500
008 - FIXED-LENGTH DATA ELEMENTS--GENERAL INFORMATION
fixed length control field 240429b ||||| |||| 00| 0 eng d
100 ## - MAIN ENTRY--PERSONAL NAME
Personal name Cummins, Neil
245 ## - TITLE STATEMENT
Title Alfani, Guido. As gods among men: A history of the rich in the West
260 ## - PUBLICATION, DISTRIBUTION, ETC. (IMPRINT)
Place of publication, distribution, etc Journal of Economic Literature
300 ## - PHYSICAL DESCRIPTION
Extent 62(1). Mar, 2024: p.317-319
520 ## - SUMMARY, ETC.
Summary, etc Cummins, Neil. 2024. "Alfani, Guido. As Gods Among Men: A History of the Rich in the West." Journal of Economic Literature, 62 (1): 317-19.DOI: 10.1257/jel.62.1.317.r1. Reproduced

https://www.aeaweb.org/articles?id=10.1257/jel.62.1.317.r1
773 ## - HOST ITEM ENTRY
Main entry heading Journal of Economic Literature
906 ## - LOCAL DATA ELEMENT F, LDF (RLIN)
Subject DIP BOOK REVIEW
942 ## - ADDED ENTRY ELEMENTS (KOHA)
Item type Articles
Holdings
Withdrawn status Lost status Source of classification or shelving scheme Damaged status Not for loan Permanent location Current location Date acquired Serial Enumeration / chronology Barcode Date last seen Koha item type
          Indian Institute of Public Administration Indian Institute of Public Administration 2024-04-29 62(1). Mar, 2024: p.317-319 AR131760 2024-04-29 Articles

Powered by Koha